Culture Générale - Série 1527 - Statistiques

Statistiques générales
  • Ce quiz a été pris 128 fois
    120 depuis la dernière actualisation
  • Le résultat moyen est 5 sur 10
Statistiques - réponses
Question Réponse % Correct
Lorsqu'une personne dort tout en restant vigilante, on utilise l'expression : "Ne dormir que d'un... oeil
96%
Quel musicien italien a composé la suite de concertos intitulée "Les Quatre Saisons" vers 1725 ? Antonio Vivaldi
95%
Pour Michel Audiard, : "Quand on mettra les cons sur orbite, t'as pas fini de... tourner
83%
Quelle chanson de Serge Gainsbourg commence ainsi : "J'avoue j'en ai bavé pas vous, mon amour" ? La Javanaise
71%
Quel coléoptère, dont le nom d'origine grecque signifie "porte-lance", est un parasite de la pomme de terre ? doryphore
47%
Quel dieu romain est assimilé au dieu grec Héphaïstos ? Vulcain
46%
Quel nom anglais désigne l'enclos où les chevaux sont présentés au public, avant une course ? paddock
38%
A quel poète français doit-on les oeuvres intitulées "Jocelyn" et "La Chute d'un ange" au XIXe siècle ? Alphonse de Lamartine
18%
Quelle était la double nationalité du pianiste et compositeur Frédéric Chopin ? Polonaise et française
14%
Quel personnage de Molière a pour réplique : "Mais que diable allait-il faire dans cette galère" ? Géronte
7%
Aucun quiz correspondant
Distribution des résultats
% des personnes avec chaque résultat
Percentile par nombre de réponses
Votre historique - résultats
Vous n’avez pas pris ce quiz depuis la dernière actualisation